000 00718nam a22002057a 4500
999 _c6118
_d6118
005 20260226111525.0
008 260226b ||||| |||| 00| 0 eng d
020 _a9781801300957
040 _cKH8
082 _a823.00
100 _aWard,Carolyn
_eAuthor
245 _aBella Bright and the Ghost Game
260 _a20 Motimer Street,London, W1T3JW
_bWelbeck Flame
_c2023
300 _a280 pages
_billustration
_c13cm x 20cm
520 _aA spooky middle-grade ghost story set on the night of Halloween. If Bella can't find her new friends before midnight in a terrifying game of hide and seek, -Library Thing-
650 _aJuvenile Fiction
_vGame
655 _aHorror
655 _aFriendship
942 _2ddc
_cFIC